Estadísticas para Top 10 Países más Occidentales en Asia

Haz click aquí para tomar la prueba!

Estadísticas generales

  • Esta prueba ha sido tomada 2.831 veces
  • La puntuación promedio es 9 de 10

Estadísticas de respuestas

LongitudPaís% Correcto
25°39'ETurquía
97%
34°15'EIsrael
96%
34°33'EArabia Saudita
94%
35°30'ESiria
94%
34°55'EJordania
92%
35°06'ELíbano
92%
38°50'EIrak
91%
41°30'EGeorgia
89%
32°16'EChipre
87%
41°49'EYemen
85%

Distribución de puntuación

Porcentaje por número respondido

Porcentaje de gente con cada puntuación

Historial de tus puntuaciones

No has tomado esta prueba